<?xml version="1.0" encoding="UTF-8"?><marc:collection xmlns:marc="http://www.loc.gov/MARC21/slim">
  <marc:record>
    <marc:leader>00000nam##2200000za#4500</marc:leader>
    <marc:controlfield tag="001">9.680958</marc:controlfield>
    <marc:controlfield tag="003">CaOODSP</marc:controlfield>
    <marc:controlfield tag="005">20200612091511</marc:controlfield>
    <marc:controlfield tag="007">ta</marc:controlfield>
    <marc:controlfield tag="008">150407|1999||||xxc|||||     f|0| 0 fre|d</marc:controlfield>
    <marc:datafield tag="020" ind1=" " ind2=" ">
      <marc:subfield code="a">1-896242-29-4</marc:subfield>
    </marc:datafield>
    <marc:datafield tag="040" ind1=" " ind2=" ">
      <marc:subfield code="a">CaOODSP</marc:subfield>
      <marc:subfield code="b">fre</marc:subfield>
    </marc:datafield>
    <marc:datafield tag="043" ind1=" " ind2=" ">
      <marc:subfield code="a">n-cn---</marc:subfield>
    </marc:datafield>
    <marc:datafield tag="086" ind1="1" ind2=" ">
      <marc:subfield code="a">H1-10/2000F</marc:subfield>
    </marc:datafield>
    <marc:datafield tag="110" ind1="1" ind2=" ">
      <marc:subfield code="a">Canada. </marc:subfield>
      <marc:subfield code="b">Santé Canada.</marc:subfield>
    </marc:datafield>
    <marc:datafield tag="245" ind1="1" ind2="3">
      <marc:subfield code="a">Le nouveau visage des maladies cardiovasculaires et des accidents vasculaires cérébraux au Canada, 2000 / </marc:subfield>
      <marc:subfield code="c">Publié par la Fondation des maladies du coeur du Canada. </marc:subfield>
    </marc:datafield>
    <marc:datafield tag="260" ind1=" " ind2=" ">
      <marc:subfield code="a">Ottawa - Ontario : </marc:subfield>
      <marc:subfield code="b">Santé Canada </marc:subfield>
      <marc:subfield code="c">1999.</marc:subfield>
    </marc:datafield>
    <marc:datafield tag="300" ind1=" " ind2=" ">
      <marc:subfield code="a">107p. : </marc:subfield>
      <marc:subfield code="b">graphiques, références, tableaux ; </marc:subfield>
      <marc:subfield code="c">28 cm.</marc:subfield>
    </marc:datafield>
    <marc:datafield tag="500" ind1=" " ind2=" ">
      <marc:subfield code="a">«Les maladies cardiovasculaires (cardiopathie et accidents vasculaires cérébraux) comptent parmi les principales causes de maladie, d'invalidité et de décès au Canada, et elles imposent un lourd fardeau à l'individu, à la collectivité et au système de santé. Ce rapport, le cinquième d'une série de rapports émanant du Système canadien de surveillance des maladies cardiovasculaires (SCSMC), a pour but de fournir aux professionnels de la santé publique et aux décideurs un aperçu de la situation actuelle en ce qui a trait aux facteurs de risque, aux interventions et services ainsi qu'aux résultats sur le plan de la santé, inhérents aux maladies cadiovasculaires (MCV) au Canada.»--Page v.</marc:subfield>
    </marc:datafield>
    <marc:datafield tag="520" ind1="3" ind2=" ">
      <marc:subfield code="a">Résumé Les maladies cardiovasculaires (cardiopathies et accidents vasculaires cérébraux) comptent parmi les principales causes de maladie, d'invalidité et de décès au Canada, et elles imposent un lourd fardeau à l'individu, à la collectivité et au système de santé. A pour but de fournir aux professionnels de la santé publique et aux décideurs un aperçu de la situation actuelle en ce qui a trait aux facteurs de risque, aux interventions et services ainsi qu'aux résultats sur le plan de la santé, inhérents aux maladies cardiovasculaires (MCV) au Canada.</marc:subfield>
    </marc:datafield>
    <marc:datafield tag="563" ind1=" " ind2=" ">
      <marc:subfield code="a">Couverture souple</marc:subfield>
    </marc:datafield>
    <marc:datafield tag="590" ind1=" " ind2=" ">
      <marc:subfield code="a">99-47</marc:subfield>
      <marc:subfield code="b">1999-11-26</marc:subfield>
    </marc:datafield>
    <marc:datafield tag="775" ind1="0" ind2="8">
      <marc:subfield code="t">The changing face of heart disease and stroke in Canada, 2000 / </marc:subfield>
      <marc:subfield code="w">(CaOODSP)9.647542</marc:subfield>
    </marc:datafield>
  </marc:record>
</marc:collection>
